000 00511nam a2200181Ia 4500
003 GCL
008 140319s9999 xx 000 0 eng d
040 _aGCL /
_cGCL
082 0 4 _a809.916
_bD E
100 1 _aDORSCH, T. S
245 1 0 _aENGLISH TRAGEDY BEFORE SHAKESPEARE THE DEVELOPMENT OF DRAMATIC SPEECH /
_cDORSCH, T. S
260 _a[S.N] :
_bMETHUEN AND CO L T D ،
_c1967
300 _a301P
650 0 4 _aLITERATURE
650 0 4 _aSHAKESPEARE, WILLIAM
650 0 4 _aENGLISH TRAGEDY
942 _2ddc
_cBK
999 _c11695
_d11695